Film as film : understanding and judging movies

Αποθηκεύτηκε σε:
Λεπτομέρειες βιβλιογραφικής εγγραφής
Κύριος συγγραφέας: Perkins, V. F. 1936-
Μορφή: Βιβλίο
Γλώσσα:English
Δημοσίευση: New York : Da Capo Press, 1993, 1972
Θέματα:
Ετικέτες: Προσθήκη ετικέτας
Δεν υπάρχουν, Καταχωρήστε ετικέτα πρώτοι!

MARC

LEADER 00000nam a2200000 i 4500
001 1/82195
008 080414r19931972 eng d
020 |a 0-306-80541-3 
035 |l 10096615 
040 |a GR-MY-UA  |b gre  |e aacr 
041 0 |a eng 
082 0 |a 791.4301  |2 (22) 
100 1 |a Perkins, V. F.  |d 1936- 
245 1 0 |a Film as film :  |b understanding and judging movies /  |c V.F. Perkins ; new introduction by Foster Hirsch 
260 |a New York :   |b Da Capo Press,   |c 1993, 1972 
300 |a 198 σ.;  |c 21 εκ. 
650 0 0 |a Motion pictures. 
852 |a INST  |b LESVOS  |e 20080414  |h 791.4301 PER  |p 005100039596  |q 005100039596  |t BK  |y 0 
901 |a BIBL1-2008-1 
909 |a Λ  |b 152024 
922 |a 1ΕΛΗ  |b 200803  |c ΕΠΕΑΕΚ2/ΠΤΕ  |d ΕΛΕΥΘΕΡΟΥΔΑΚΗΣ 
970 |a ΚΑΡΑ  |b ΓΙΑΣΕΜΗ  |z 2008/04/14